000
00259nam a2200109Ia 4500
008
190216s9999||||xx |||||||||||||| ||und||
100
_a
Gulssan Ss
245
0
_a
Organisation And Management
260
_b
Himalaya Publishing House
300
_a
565p
942
_c
BK
999
_c
4276
_d
4276